Vector mechanics for engineers (Record no. 4856)

000 -LEADER
fixed length control field 00594nam a2200217 a 4500
001 - CONTROL NUMBER
control field 4856
003 - CONTROL NUMBER IDENTIFIER
control field BD-DhUET
008 - FIXED-LENGTH DATA ELEMENTS--GENERAL INFORMATION
fixed length control field 840307s1984 nyua 001 0 eng
020 ## - INTERNATIONAL STANDARD BOOK NUMBER
International Standard Book Number 0070044384
040 ## - CATALOGING SOURCE
Original cataloging agency DLC
Transcribing agency DLC
Modifying agency BD-DhUET
082 00 - DEWEY DECIMAL CLASSIFICATION NUMBER
Classification number 620.1
Item number BEE/1984
100 ## - MAIN ENTRY--PERSONAL NAME
Personal name Beer, Ferdinand P.
245 10 - TITLE STATEMENT
Title Vector mechanics for engineers
Remainder of title statics and dynamics
250 ## - EDITION STATEMENT
Edition statement 4th ed.
260 ## - PUBLICATION, DISTRIBUTION, ETC. (IMPRINT)
Place of publication, distribution, etc. New York
Name of publisher, distributor, etc. McGraw-Hill
Date of publication, distribution, etc. 1984
300 ## - PHYSICAL DESCRIPTION
Extent xxi, 926 p.
Other physical details ill.
Dimensions 24 cm.
504 ## - BIBLIOGRAPHY, ETC. NOTE
Bibliography, etc Includes bibliographies
650 #0 - SUBJECT ADDED ENTRY--TOPICAL TERM
Topical term or geographic name as entry element Engineering instruments
700 1# - ADDED ENTRY--PERSONAL NAME
Personal name Johnston, E. Russell
942 ## - ADDED ENTRY ELEMENTS (KOHA)
Koha item type General Book
Holdings
Damaged status Koha full call number Lost status Date acquired Koha issues (times borrowed) Shelving location Koha normalized classification for sorting Copy number Not for loan Koha date last seen Piece designation (barcode) Source of classification or shelving scheme Sublocation or collection (holding branch) Price effective from Withdrawn status Koha date last borrowed Koha item type Location (home branch)
 620.1/BEE/1984 2014-11-23 Circulation section620_100000000000000_BEE_19841 2015-12-0866051 Central Library, BUET2014-11-23  General BookCentral Library, BUET
 620.1/BEE/1984 2014-11-242Circulation section620_000000000000000_1BEE19841 2022-06-2066042 Central Library, BUET2014-11-24 2022-06-12General BookCentral Library, BUET
 620.1/BEE/1984 2014-11-294Circulation section620_100000000000000_BEE_19841 2023-06-0766086 Central Library, BUET2014-11-29 2023-01-10General BookCentral Library, BUET
 620.1 /BEE/1984 2014-12-111Circulation section620_100000000000000_BEE_198449 2025-05-2866044 Central Library, BUET2014-12-11 2025-04-30General BookCentral Library, BUET
 620.1/BEE/1984 2014-12-11 Circulation section620_100000000000000_BEE_19841 2015-02-2366012 Central Library, BUET2014-12-11  General BookCentral Library, BUET
 620.1/BEE/1984 2015-01-19 Circulation section620_100000000000000_BEE_19846 2015-12-2266043 Central Library, BUET2015-01-19  General BookCentral Library, BUET
 620.1/BEE/1984 2015-02-161Circulation section620_100000000000000_BEE_19847 2022-12-1381336 Central Library, BUET2015-02-16 2022-11-21General BookCentral Library, BUET
 620.1/BEE/1984 2015-04-011Circulation section620_100000000000000_BEE_19841 2018-04-3066048 Central Library, BUET2015-04-01 2018-04-18General BookCentral Library, BUET
 620.1/BEE/1984 2015-06-21 Reading section620_100000000000000_BEE_19849 2015-06-2166015 Central Library, BUET2015-06-21  Reading ItemCentral Library, BUET
 620.1/BEE/1984 2015-06-22 Reading section620_100000000000000_BEE_198410 2015-06-2266014 Central Library, BUET2015-06-22  General BookCentral Library, BUET
 620.1/BEE/1984 2015-06-22 Reading section620_100000000000000_BEE_198411 2015-06-2266013 Central Library, BUET2015-06-22  General BookCentral Library, BUET
 620.01/BEE/1984 2015-06-29 Reading section620_010000000000000_BEE_198412 2015-06-2966095 Central Library, BUET2015-06-29  Reading ItemCentral Library, BUET
 620.1/BEE/1984 2015-07-28 Circulation section620_100000000000000_BEE_198413 2015-07-2875502 Central Library, BUET2015-07-28  General BookCentral Library, BUET